000 00582nmm a2200193Ia 4500
008 251105s9999||||xx |||||||||||||||||und||
020 _a9788477339403
041 _aspa
100 _aLorenzo Alquézar, Rafael
245 0 _aFilosofía y realidad virtual
264 _a[Madrid, España] :
_bPrensas Universitarias de Zaragoza,
_c2007
300 _a487 páginas
490 _aHumanidades
650 _aPhilosophy, Ethics
700 _aLorenzo Alquézar, Rafael
700 1 _a Moreno Márquez, César
856 _uhttps://public.digitaliapublishing.com/a/2118
942 _cCF
999 _c68044
_d68044